New Investment Opportunities of Insurance Companies on Financial Markets

Saved in:
Bibliographic Details
Main Author: Majtánová, Anna
Other Authors: Bláhová, Mária
Format: Book Chapter
Language:English
Subjects:
Tags: Add Tag
No Tags, Be the first to tag this record!

MARC

LEADER 00000naa$a2200000$$$4500
001 0248260
005 20240502083704.5
041 0 |a eng 
044 |a PL 
245 1 0 |a New Investment Opportunities of Insurance Companies on Financial Markets  |c Anna Majtánová, Mária Bláhová 
500 |a Abstrakt 
610 2 0 |a poistenie 
610 2 0 |a trh finančný 
610 2 0 |a globalizácia 
610 2 0 |a poisťovníctvo 
610 2 0 |a poistenci 
610 2 0 |a poistníci 
610 2 0 |a poisťovne 
610 2 0 |a legislatíva 
100 1 |a Majtánová, Anna 
700 1 |a Bláhová, Mária